[Event "20th Asia-ch (w)"]
[Site "Tashkent UZB"]
[Date "2016.05.30"]
[Round "5.7"]
[White "Saduakasova, Dinara"]
[Black "Batchimeg, Tuvshintogs"]
[Result "1-0"]
[WhiteElo "2415"]
[BlackElo "2412"]
[EventDate "2016.05.26"]
[PlyCount "69"]

1.d4 Nf6 2.c4 c5 3.d5 b5 4.cxb5 a6 5.bxa6 g6 6.Nc3 Bxa6 7.e4 Bxf1 8.Kxf1 
d6 9.Nf3 Bg7 10.g3 O-O 11.Kg2 Nbd7 12.a4 Qa5 13.Bd2 Qa6 14.Qc2 Rfc8 15.b3 
Ng4 16.h3 Nge5 17.Nxe5 Bxe5 18.Rhc1 Rab8 19.Rab1 Nb6 20.Bh6 Bxc3 21.Qxc3 
f6 22.Qf3 Nd7 23.Qg4 Nf8 24.b4 c4 25.Qd1 Nd7 26.b5 Qa5 27.Qg4 Nf8 28.e5 
Qa8 29.exf6 exf6 30.Qd4 Rc5 31.Qxf6 Qxd5+ 32.Kg1 Qe5 33.Qxe5 dxe5 34.Be3 
Rcc8 35.Rc3 1-0

[Event "20th Asia-ch (w)"]
[Site "Tashkent UZB"]
[Date "2016.05.30"]
[Round "5.8"]
[White "Pratyusha, Bodda"]
[Black "Gomes, Mary Ann"]
[Result "1-0"]
[WhiteElo "2336"]
[BlackElo "2304"]
[EventDate "2016.05.26"]
[PlyCount "93"]

1.d4 e6 2.c4 Nf6 3.Nc3 Bb4 4.Qc2 O-O 5.Nf3 d6 6.Bd2 Nbd7 7.a3 Bxc3 8.Bxc3 
Qe7 9.e3 e5 10.dxe5 dxe5 11.Be2 c5 12.Nd2 Re8 13.g4 Nf8 14.g5 N6d7 15.
O-O-O Ne6 16.Ne4 Nd4 17.exd4 exd4 18.Rhe1 dxc3 19.Bg4 cxb2+ 20.Kb1 Kf8 21.
Re3 Ne5 22.Bxc8 Raxc8 23.Nd6 Qxg5 24.Nxc8 Rxc8 25.Qe4 Qg4 26.Rd5 Qxe4+ 27.
Rxe4 f6 28.f4 Ng6 29.Rd7 Rb8 30.Kxb2 f5 31.Re1 b5 32.Rxa7 Nxf4 33.Ree7 
bxc4+ 34.Kc2 Nh5 35.Rf7+ Kg8 36.Rxf5 Nf6 37.Rxc5 h6 38.Rxc4 Nd5 39.Rc5 
Ne3+ 40.Kd3 Ng4 41.h4 Rd8+ 42.Kc3 Nf6 43.Kb4 Kh7 44.a4 Rd1 45.Kb5 Rb1+ 46.
Kc6 Ne4 47.Rc4 1-0

[Event "20th Asia-ch (w)"]
[Site "Tashkent UZB"]
[Date "2016.05.30"]
[Round "5.9"]
[White "Yuan Ye"]
[Black "Khademalsharieh, Sarasadat"]
[Result "1/2-1/2"]
[WhiteElo "2171"]
[BlackElo "2459"]
[EventDate "2016.05.26"]
[PlyCount "64"]

1.d4 Nf6 2.c4 e6 3.g3 d5 4.Bg2 Bb4+ 5.Bd2 Bd6 6.Nc3 c6 7.Qc2 Nbd7 8.e4 
dxe4 9.Nxe4 Nxe4 10.Bxe4 Qe7 11.c5 Bc7 12.f4 Nf6 13.Bg2 O-O 14.Nf3 Nd5 15.
O-O f6 16.Rae1 Qf7 17.Nh4 Bd7 18.Be4 g6 19.Bd3 Qg7 20.Nf3 Rae8 21.Bc3 b5 
22.b3 a5 23.a4 b4 24.Bb2 Re7 25.Rf2 Be8 26.Rfe2 Bf7 27.Kh1 Qh6 28.Re4 Qh5 
29.Be2 Qh6 30.Bd3 Qg7 31.R4e2 Qh6 32.Re4 Qg7 1/2-1/2

[Event "20th Asia-ch (w)"]
[Site "Tashkent UZB"]
[Date "2016.05.30"]
[Round "5.10"]
[White "Abdusattorova, Bakhora"]
[Black "Gong Qianyun"]
[Result "1-0"]
[WhiteElo "2091"]
[BlackElo "2293"]
[EventDate "2016.05.26"]
[PlyCount "63"]

1.d4 e6 2.Bf4 Nf6 3.e3 b6 4.Nf3 Bb7 5.Bd3 Be7 6.h3 Ne4 7.Nbd2 f5 8.Qe2 Bf6
9.Rg1 d6 10.O-O-O Nd7 11.g4 h6 12.h4 Nf8 13.Bb5+ c6 14.Bd3 d5 15.gxf5 exf5
16.Ne5 h5 17.f3 Nd6 18.Qh2 Qe7 19.Nxc6 Bxc6 20.Bxd6 Qd7 21.e4 Bxd4 22.exd5
O-O-O 23.Be5 Qxd5 24.Bxd4 Qxd4 25.Ba6+ Bb7 26.Nc4 Qc5 27.Bxb7+ Kxb7 28.
Rxd8 Qxc4 29.Rxg7+ Ka6 30.Rxa7+ Kxa7 31.Qb8+ Ka6 32.Qa8+ 1-0

[Event "20th Asia-ch (w)"]
[Site "Tashkent UZB"]
[Date "2016.05.30"]
[Round "5.11"]
[White "Bayar Anu"]
[Black "Vo Thi Kim Phung"]
[Result "1/2-1/2"]
[WhiteElo "1981"]
[BlackElo "2173"]
[EventDate "2016.05.26"]
[PlyCount "205"]

1.d4 e6 2.c4 d5 3.Nc3 c6 4.cxd5 exd5 5.Qc2 Bd6 6.Nf3 Ne7 7.Bg5 f6 8.Bh4 
Bf5 9.Qb3 Qb6 10.e3 Na6 11.Bg3 Bxg3 12.hxg3 Nb4 13.Rc1 Nc2+ 14.Kd2 Qxb3 
15.axb3 Nb4 16.Ne1 O-O 17.Nd3 Nxd3 18.Bxd3 Bxd3 19.Kxd3 Nf5 20.Na4 Nd6 21.
Nc5 Rfe8 22.Rc2 Re7 23.Ra1 a6 24.Na4 Rae8 25.Nc5 h6 26.Rh1 Kf7 27.Rcc1 Kg6
28.Rh3 Nf5 29.Kd2 Kf7 30.Rc2 Nd6 31.Kd3 Rh8 32.Rc1 Ke8 33.Rc2 Kd8 34.Rh1 
Kc7 35.Rhc1 Kb6 36.Ra1 Rhe8 37.Na4+ Ka7 38.Nc5 Nb5 39.Rcc1 Nc7 40.Kd2 b6 
41.Nd3 Kb7 42.Ra4 Ra8 43.Nb4 Re6 44.Nd3 Nb5 45.Rca1 Ra7 46.Nb4 a5 47.Nd3 
Re8 48.b4 axb4 49.Rxa7+ Nxa7 50.Nxb4 Nc8 51.Rc1 Ne7 52.Ra1 Rc8 53.Nd3 Nf5 
54.Nf4 Re8 55.Kd3 Nd6 56.Ke2 Ne4 57.Nh5 Re7 58.Nf4 Nd6 59.Ng6 Re8 60.Nf4 
Nb5 61.Kd2 Nc7 62.Nd3 Ne6 63.Nf4 Nxf4 64.gxf4 c5 65.dxc5 bxc5 66.Kc3 Re4 
67.Ra5 Rc4+ 68.Kd2 Kb6 69.Ra8 Rb4 70.Kc2 Kc6 71.Rc8+ Kd6 72.Rd8+ Ke6 73.
Re8+ Kf5 74.f3 h5 75.g3 d4 76.e4+ Kg6 77.f5+ Kf7 78.Rd8 Ke7 79.Rg8 Kf7 80.
Rd8 Ke7 81.Rg8 d3+ 82.Kxd3 Kf7 83.Rh8 Rb3+ 84.Kc4 Rxf3 85.Rxh5 Rf2 86.Kxc5
Rxb2 87.Rh4 Rb3 88.Rg4 Rd3 89.Kc4 Rd1 90.Rf4 g6 91.Rf3 Kg7 92.Rd3 Rc1+ 93.
Kd5 gxf5 94.exf5 Re1 95.g4 Kh6 96.Rd4 Kg5 97.Kd6 Re2 98.Kd7 Ra2 99.Ke6 
Ra6+ 100.Ke7 Ra7+ 101.Ke6 Ra6+ 102.Ke7 Ra7+ 103.Ke6 1/2-1/2

[Event "20th Asia-ch (w)"]
[Site "Tashkent UZB"]
[Date "2016.05.30"]
[Round "5.12"]
[White "Mongontuul, Batchujagijn"]
[Black "Omurbekova, Diana"]
[Result "1-0"]
[WhiteElo "2442"]
[BlackElo "1732"]
[EventDate "2016.05.26"]
[PlyCount "57"]

1.e4 g6 2.d4 Bg7 3.Nc3 a6 4.a4 d6 5.Nf3 Bg4 6.Be2 Nd7 7.Be3 c6 8.h3 Bxf3 
9.Bxf3 Ngf6 10.a5 O-O 11.O-O Qc7 12.Qd2 Rfd8 13.Rfd1 e6 14.Qe1 Rab8 15.Be2
c5 16.f4 cxd4 17.Rxd4 d5 18.exd5 Nxd5 19.Nxd5 exd5 20.Rxd5 Bxb2 21.Rad1 
Bc3 22.Rxd7 Rxd7 23.Rxd7 Bxe1 24.Rxc7 Re8 25.Bd4 Bxa5 26.Rxb7 Bd2 27.Bc4 
Be3+ 28.Bxe3 Rxe3 29.Bxf7+ 1-0

[Event "20th Asia-ch (w)"]
[Site "Tashkent UZB"]
[Date "2016.05.31"]
[Round "6.1"]
[White "Tokhiryonova, Gulrukhbegim"]
[Black "Kulkarni, Bhakti Pradip"]
[Result "1/2-1/2"]
[WhiteElo "2390"]
[BlackElo "2296"]
[EventDate "2016.05.26"]
[PlyCount "90"]

1.e4 e6 2.d4 d5 3.e5 c5 4.c3 Qb6 5.Nf3 Nc6 6.a3 Bd7 7.b4 cxd4 8.cxd4 Rc8 
9.Bb2 Nge7 10.Bd3 Nf5 11.Bxf5 exf5 12.O-O Be7 13.Nc3 Be6 14.Qd3 g5 15.Na4 
Qd8 16.Nc5 b6 17.Nb7 Qd7 18.Nd6+ Bxd6 19.exd6 f6 20.Bc3 O-O 21.Nd2 f4 22.
g3 Nd8 23.Rac1 Qxd6 24.Rfe1 Bd7 25.Qf3 g4 26.Qd1 Nf7 27.Qb3 Bb5 28.a4 Bc4 
29.Qd1 f3 30.Nxc4 Rxc4 31.Qd3 Rfc8 32.Bd2 Rxc1 33.Bxc1 Qd7 34.Bf4 Re8 35.
Rc1 Re4 36.h3 Qf5 37.Qc3 Kg7 38.h4 Rxf4 39.gxf4 Qh5 40.Qe1 Qxh4 41.Rc7 Qh3
42.Qf1 Qh4 43.Qe1 Qh3 44.Qf1 Qh4 45.Qe1 Qh3 1/2-1/2

[Event "20th Asia-ch (w)"]
[Site "Tashkent UZB"]
[Date "2016.05.31"]
[Round "6.2"]
[White "Hejazipour, Mitra"]
[Black "Saduakasova, Dinara"]
[Result "0-1"]
[WhiteElo "2349"]
[BlackElo "2415"]
[EventDate "2016.05.26"]
[PlyCount "70"]

1.d4 Nf6 2.c4 e6 3.Nf3 b6 4.Bf4 Bb7 5.e3 Be7 6.Nc3 Nh5 7.Bd3 d6 8.O-O Nd7 
9.d5 e5 10.Bg3 g6 11.e4 O-O 12.Ne1 Bc8 13.b4 a5 14.a3 Nf4 15.f3 Bg5 16.Bf2
f5 17.Bc2 Nf6 18.Nd3 N6h5 19.Nxf4 Nxf4 20.Ba4 Ba6 21.Bb3 Qe7 22.Qc2 Rf7 
23.Nb5 fxe4 24.fxe4 Raf8 25.bxa5 bxa5 26.Bg3 h5 27.Bxf4 Bxf4 28.g3 Be3+ 
29.Kg2 Bc8 30.Qd3 Bc5 31.Rxf7 Qxf7 32.Ra2 Qd7 33.Kh1 Qh3 34.Rg2 Qg4 35.Nc3
Rf3 0-1

[Event "20th Asia-ch (w)"]
[Site "Tashkent UZB"]
[Date "2016.05.31"]
[Round "6.3"]
[White "Nguyen Thi Mai Hung"]
[Black "Li Xueyi"]
[Result "0-1"]
[WhiteElo "2276"]
[BlackElo "2105"]
[EventDate "2016.05.26"]
[PlyCount "68"]

1.d4 d5 2.Nf3 Nf6 3.c4 e6 4.Nc3 c6 5.e3 Nbd7 6.Bd3 dxc4 7.Bxc4 b5 8.Bd3 
Bd6 9.O-O O-O 10.a3 a6 11.e4 e5 12.Bg5 Qc7 13.h3 exd4 14.Nxd4 Be5 15.Bc2 
h6 16.Be3 c5 17.Nde2 Bb7 18.f4 Bxc3 19.Nxc3 b4 20.e5 bxc3 21.exf6 Nxf6 22.
bxc3 Rfe8 23.Qc1 Nd5 24.Bd2 c4 25.Bd1 Qc5+ 26.Kh2 Ne3 27.Bxe3 Rxe3 28.Qb2 
Bc6 29.Rc1 Rae8 30.Rc2 Qe7 31.Rd2 Qh4 32.Kg1 Qg3 33.Qb6 Re1 34.Rf2 Bxg2 
0-1

[Event "20th Asia-ch (w)"]
[Site "Tashkent UZB"]
[Date "2016.05.31"]
[Round "6.4"]
[White "Guo Qi"]
[Black "Pourkashiyan, Atousa"]
[Result "1/2-1/2"]
[WhiteElo "2447"]
[BlackElo "2336"]
[EventDate "2016.05.26"]
[PlyCount "82"]

1.d4 Nf6 2.Nf3 e6 3.c4 d5 4.Nc3 Be7 5.cxd5 exd5 6.Bg5 c6 7.Qc2 g6 8.e3 Bf5
9.Bd3 Bxd3 10.Qxd3 O-O 11.O-O Nbd7 12.h3 Re8 13.Bf4 Nb6 14.Qc2 Nc4 15.b3 
Nd6 16.Nd2 a5 17.a3 Nfe4 18.Ndxe4 Nxe4 19.Nxe4 dxe4 20.Qxe4 Bxa3 21.Qc2 
Bd6 22.Bxd6 Qxd6 23.Rfc1 Rec8 24.Qc5 Qxc5 25.dxc5 Rd8 26.Ra4 Ra6 27.Rb1 
Rd5 28.b4 axb4 29.Raxb4 Ra7 30.Rxb7 Rxb7 31.Rxb7 Rxc5 32.g3 h5 33.h4 Kg7 
34.Kg2 Rc2 35.Rc7 Kf6 36.Kf3 Ke6 37.e4 Kf6 38.Ke3 Ke6 39.Kf3 Kf6 40.Ke3 
Ke6 41.Kf3 Ke5 1/2-1/2

[Event "20th Asia-ch (w)"]
[Site "Tashkent UZB"]
[Date "2016.05.31"]
[Round "6.5"]
[White "Padmini, Rout"]
[Black "Vaishali, Ramesh Babu"]
[Result "1/2-1/2"]
[WhiteElo "2433"]
[BlackElo "2322"]
[EventDate "2016.05.26"]
[PlyCount "98"]

1.e4 e5 2.Nf3 Nc6 3.Bc4 Nf6 4.d3 Bc5 5.O-O a6 6.c3 Ba7 7.Re1 d6 8.Bb3 O-O 
9.h3 h6 10.Nbd2 Ne7 11.Nf1 Ng6 12.Ng3 b5 13.d4 Bb7 14.Bc2 d5 15.Nxe5 Nxe5 
16.dxe5 Nxe4 17.Nxe4 dxe4 18.Be3 Bxe3 19.Rxe3 Qxd1+ 20.Rxd1 Rad8 21.Rde1 
Rd2 22.R1e2 Rxe2 23.Rxe2 Rd8 24.Kf1 Rd5 25.f4 exf3 26.gxf3 Bc8 27.h4 g5 
28.hxg5 hxg5 29.Kf2 c5 30.Be4 Rd1 31.Ke3 Be6 32.Rg2 Bxa2 33.Rxg5+ Kf8 34.
e6 fxe6 35.Rxc5 Ke7 36.b4 Bc4 37.Bb7 Rd3+ 38.Kf4 Rxc3 39.Bxa6 Rb3 40.Bxb5 
Bd5 41.Be2 Rb2 42.Bd1 Kd6 43.Rb5 Bc6 44.Rb6 Kc7 45.Ra6 Kd6 46.Ke3 Rxb4 47.
Bc2 Kd7 48.Be4 Bxe4 49.fxe4 Ke7 1/2-1/2

[Event "20th Asia-ch (w)"]
[Site "Tashkent UZB"]
[Date "2016.05.31"]
[Round "6.6"]
[White "Soumya, Swaminathan"]
[Black "Pham Le Thao Nguyen"]
[Result "1-0"]
[WhiteElo "2346"]
[BlackElo "2348"]
[EventDate "2016.05.26"]
[PlyCount "59"]

1.e4 e5 2.Nf3 Nc6 3.Bb5 Nf6 4.d3 Bc5 5.c3 d6 6.O-O O-O 7.h3 h6 8.d4 Bb6 9.
Re1 Bd7 10.Na3 Re8 11.d5 Ne7 12.Bxd7 Nxd7 13.Nc4 f5 14.exf5 Nxf5 15.a4 a6 
16.Nxb6 Nxb6 17.a5 Nd7 18.Nd2 Nf6 19.Ne4 Rf8 20.Ra4 Kh8 21.Qd3 Nxe4 22.
Raxe4 Ne7 23.Rb4 Rb8 24.f4 c5 25.Rc4 exf4 26.Rxf4 Ng8 27.Qf3 Re8 28.Rf1 
Re7 29.Qg3 Qxa5 30.Rf7 1-0

[Event "20th Asia-ch (w)"]
[Site "Tashkent UZB"]
[Date "2016.05.31"]
[Round "6.7"]
[White "Hoang Thi Bao Tram"]
[Black "Pratyusha, Bodda"]
[Result "1-0"]
[WhiteElo "2263"]
[BlackElo "2336"]
[EventDate "2016.05.26"]
[PlyCount "53"]

1.d4 d5 2.c4 c6 3.Nf3 Nf6 4.Nc3 e6 5.Bg5 h6 6.Bxf6 Qxf6 7.e3 Nd7 8.Qc2 Qd8
9.a3 a6 10.Bd3 dxc4 11.Bxc4 b5 12.Ba2 Bb7 13.O-O Rc8 14.Rad1 Qc7 15.e4 Bd6
16.Qd3 O-O 17.e5 Be7 18.Bb1 g6 19.h4 h5 20.Qe3 Rfd8 21.Qh6 Bf8 22.Qg5 Nb6 
23.Ne4 Bg7 24.Nf6+ Kf8 25.Qf4 Nd5 26.Nxd5 cxd5 27.Bxg6 1-0

[Event "20th Asia-ch (w)"]
[Site "Tashkent UZB"]
[Date "2016.05.31"]
[Round "6.8"]
[White "Mongontuul, Batchujagijn"]
[Black "Abdusattorova, Bakhora"]
[Result "1/2-1/2"]
[WhiteElo "2442"]
[BlackElo "2091"]
[EventDate "2016.05.26"]
[PlyCount "88"]

1.e4 e5 2.Nf3 Nc6 3.Bb5 Nf6 4.Qe2 d6 5.c3 Be7 6.O-O O-O 7.d4 exd4 8.cxd4 
Bg4 9.Rd1 d5 10.e5 Ne4 11.Nc3 Nxc3 12.bxc3 f6 13.h3 Bxf3 14.gxf3 Kh8 15.f4
fxe5 16.fxe5 Bg5 17.Qg4 Bxc1 18.Raxc1 Qe7 19.f4 g6 20.Kh1 Rf7 21.Rf1 Raf8 
22.Rc2 Nd8 23.Bd3 Ne6 24.Rcf2 Ng7 25.f5 gxf5 26.Bxf5 Nxf5 27.Rxf5 Rxf5 28.
Rxf5 Rg8 29.Qf4 Qg7 30.Qf2 Qg3 31.Qxg3 Rxg3 32.e6 Rxh3+ 33.Kg2 Re3 34.Rxd5
Rxe6 35.Rd8+ Kg7 36.Rd7+ Kg6 37.Rxc7 Rc6 38.Rxb7 Rxc3 39.Rxa7 Rd3 40.Ra4 
Kf5 41.Rb4 Ke4 42.a4 Rxd4 43.Rxd4+ Kxd4 44.Kg3 Kd5 1/2-1/2

[Event "20th Asia-ch (w)"]
[Site "Tashkent UZB"]
[Date "2016.05.31"]
[Round "6.9"]
[White "Gomes, Mary Ann"]
[Black "Khademalsharieh, Sarasadat"]
[Result "0-1"]
[WhiteElo "2304"]
[BlackElo "2459"]
[EventDate "2016.05.26"]
[PlyCount "100"]

1.d4 Nf6 2.Bg5 c5 3.d5 Ne4 4.Bc1 e6 5.c4 b5 6.Qc2 Nf6 7.e4 bxc4 8.Bxc4 
exd5 9.exd5 d6 10.Nc3 Be7 11.Nf3 O-O 12.O-O Nbd7 13.Re1 Nb6 14.b3 Re8 15.
Bg5 Nxc4 16.bxc4 Bg4 17.Qd3 Qd7 18.Re2 h6 19.Bh4 g5 20.Bg3 Bf8 21.Rae1 a6 
22.h3 Bf5 23.Qd2 Bg6 24.h4 g4 25.Nh2 Qf5 26.Nf1 Qd3 27.Qc1 Rxe2 28.Nxe2 
Re8 29.Ne3 Nh5 30.Nf4 Nxf4 31.Bxf4 Qd4 32.Bg3 h5 33.Rd1 Qe4 34.Nf1 Rb8 35.
Re1 Qd4 36.Rd1 Qb2 37.Qg5 Qxa2 38.Ne3 a5 39.Qf6 Qb2 40.Qg5 a4 41.Kh2 a3 
42.Nf5 a2 43.Nxd6 Bxd6 44.Bxd6 Re8 45.Be7 a1=Q 46.Rxa1 Qxa1 47.Bf6 Qa6 48.
Qf4 Kh7 49.Be5 Qc8 50.Qf6 Rg8 0-1

[Event "20th Asia-ch (w)"]
[Site "Tashkent UZB"]
[Date "2016.05.31"]
[Round "6.10"]
[White "Batchimeg, Tuvshintogs"]
[Black "Yuan Ye"]
[Result "1-0"]
[WhiteElo "2412"]
[BlackElo "2171"]
[EventDate "2016.05.26"]
[PlyCount "77"]

1.d4 Nf6 2.c4 g6 3.Nc3 d5 4.cxd5 Nxd5 5.e4 Nxc3 6.bxc3 Bg7 7.Be3 c5 8.Nf3 
Bg4 9.Rb1 cxd4 10.cxd4 Bxf3 11.gxf3 Qa5+ 12.Qd2 Qc7 13.Bb5+ Nd7 14.Qb4 Rb8
15.O-O a6 16.Rfc1 Qd6 17.Bxd7+ Qxd7 18.Bf4 Rc8 19.Rxc8+ Qxc8 20.Rc1 Qh3 
21.Qxb7 O-O 22.Bg3 Qe6 23.d5 Qf6 24.Kg2 e5 25.dxe6 fxe6 26.f4 g5 27.e5 Qg6
28.fxg5 Bxe5 29.Rc8 Bxg3 30.Rxf8+ Kxf8 31.Qc8+ Kf7 32.Qb7+ Kg8 33.hxg3 
Qxg5 34.Qxa6 Qd5+ 35.Kg1 Qd1+ 36.Qf1 Qa4 37.Qb1 Kg7 38.Qb3 Qe4 39.a3 1-0

[Event "20th Asia-ch (w)"]
[Site "Tashkent UZB"]
[Date "2016.05.31"]
[Round "6.11"]
[White "Vo Thi Kim Phung"]
[Black "Nodiryanova, Nodira"]
[Result "1-0"]
[WhiteElo "2173"]
[BlackElo "2128"]
[EventDate "2016.05.26"]
[PlyCount "71"]

1.d4 d5 2.c4 dxc4 3.Nf3 Nf6 4.g3 a6 5.Bg2 Nc6 6.O-O Rb8 7.Na3 b5 8.Ne5 
Nxe5 9.dxe5 Qxd1 10.Rxd1 Nd7 11.Be3 c5 12.Rd2 e6 13.Rad1 Rb6 14.b4 c3 15.
Rd3 c4 16.Rxd7 Bxd7 17.Bxb6 Bxb4 18.Nc2 Be7 19.Ba5 f6 20.Bxc3 Bd8 21.Bf3 
h5 22.a3 a5 23.Be4 Rh6 24.Bd2 g5 25.exf6 Bxf6 26.h4 Rh8 27.Bg6+ Kd8 28.
hxg5 c3 29.gxf6 cxd2 30.Rxd2 Rh6 31.f7 Rh8 32.Bxh5 Ke7 33.g4 e5 34.Ne3 Rc8
35.Nd5+ Kf8 36.Nb6 1-0

[Event "20th Asia-ch (w)"]
[Site "Tashkent UZB"]
[Date "2016.06.01"]
[Round "7.1"]
[White "Kulkarni, Bhakti Pradip"]
[Black "Saduakasova, Dinara"]
[Result "1/2-1/2"]
[WhiteElo "2296"]
[BlackElo "2415"]
[EventDate "2016.05.26"]
[PlyCount "55"]

1.d4 Nf6 2.c4 e6 3.Nf3 b6 4.g3 Bb7 5.Bg2 Bb4+ 6.Bd2 c5 7.O-O O-O 8.Bxb4 
cxb4 9.a3 bxa3 10.Rxa3 d6 11.b4 Qc7 12.Qb3 Nc6 13.Nc3 a5 14.Nb5 Qd7 15.
bxa5 Nxa5 16.Qb4 Ne4 17.Nc3 Rac8 18.Nxe4 Bxe4 19.c5 Nc6 20.Qxb6 Rb8 21.Qa6
Bxf3 22.Bxf3 Nxd4 23.Qxd6 Qxd6 24.cxd6 Rb6 25.d7 Rd6 26.Ra7 Rd8 27.Rc1 Kf8
28.Kg2 1/2-1/2

[Event "20th Asia-ch (w)"]
[Site "Tashkent UZB"]
[Date "2016.06.01"]
[Round "7.2"]
[White "Li Xueyi"]
[Black "Tokhiryonova, Gulrukhbegim"]
[Result "1/2-1/2"]
[WhiteElo "2105"]
[BlackElo "2390"]
[EventDate "2016.05.26"]
[PlyCount "186"]

1.d4 d5 2.c4 c6 3.cxd5 cxd5 4.Bf4 Nc6 5.e3 Bf5 6.Qb3 Qd7 7.Nc3 e6 8.Nf3 a6
9.Ne5 Nxe5 10.Bxe5 Rc8 11.Be2 Ne7 12.O-O Nc6 13.Rfc1 Nxe5 14.dxe5 Be7 15.
Na4 Rc6 16.Qd1 O-O 17.Rxc6 bxc6 18.Bxa6 Qc7 19.Rc1 c5 20.Bd3 Bxd3 21.Qxd3 
Qxe5 22.b3 h5 23.f4 Qf6 24.Qd1 d4 25.Qxh5 dxe3 26.Qe5 Qxe5 27.fxe5 Rd8 28.
Re1 Rd2 29.Rxe3 Rxa2 30.Rc3 Re2 31.Nxc5 Rxe5 32.Nd3 Rb5 33.Kf1 Rb8 34.Nc1 
Bg5 35.Na2 Ra8 36.Rc2 Ra3 37.b4 Rb3 38.Ke2 g6 39.Kd1 Rb1+ 40.Ke2 Be7 41.
Rc8+ Kg7 42.Kd3 Rd1+ 43.Ke3 Ra1 44.Rc2 Rb1 45.Kf3 Bxb4 46.Nxb4 Rxb4 47.Rc7
g5 48.Ra7 Kg6 49.Re7 Rf4+ 50.Kg3 Kf6 51.Ra7 e5 52.Rb7 Kg6 53.h3 f5 54.Rb6+
Kh5 55.Re6 e4 56.Kh2 Rf2 57.Kg1 Ra2 58.g4+ Kh4 59.gxf5 Kg3 60.Kf1 Kf3 61.
Kg1 Kg3 62.Kf1 Rf2+ 63.Kg1 Rf4 64.f6 Kf3 65.Kf1 Ke3+ 66.Ke1 Kd4 67.Ke2 Rf3
68.Re8 Rxf6 69.Rh8 Ke5 70.Ke3 Rf3+ 71.Ke2 Kf4 72.h4 g4 73.h5 g3 74.h6 Rf2+
75.Ke1 Ke3 76.Rg8 Rg2 77.Kf1 Rh2 78.Rxg3+ Kf4 79.Ra3 Rxh6 80.Ke2 Rh2+ 81.
Ke1 Rb2 82.Rc3 Ra2 83.Rb3 Ke5 84.Rc3 Kd4 85.Rh3 Ra1+ 86.Ke2 Rc1 87.Ra3 
Rc2+ 88.Ke1 Rc3 89.Rxc3 Kxc3 90.Ke2 Kd4 91.Kd2 e3+ 92.Ke2 Ke4 93.Ke1 e2 
1/2-1/2

[Event "20th Asia-ch (w)"]
[Site "Tashkent UZB"]
[Date "2016.06.01"]
[Round "7.3"]
[White "Pourkashiyan, Atousa"]
[Black "Soumya, Swaminathan"]
[Result "0-1"]
[WhiteElo "2336"]
[BlackElo "2346"]
[EventDate "2016.05.26"]
[PlyCount "34"]

1.e4 c5 2.Nf3 d6 3.d4 cxd4 4.Nxd4 Nf6 5.Nc3 Nc6 6.Bg5 e6 7.Qd2 a6 8.O-O-O 
Bd7 9.f4 b5 10.Bxf6 gxf6 11.Kb1 Qb6 12.Nxc6 Bxc6 13.f5 O-O-O 14.Bd3 d5 15.
exd5 exd5 16.Ne2 Bc5 17.c3 d4 0-1

[Event "20th Asia-ch (w)"]
[Site "Tashkent UZB"]
[Date "2016.06.01"]
[Round "7.4"]
[White "Padmini, Rout"]
[Black "Hoang Thi Bao Tram"]
[Result "1/2-1/2"]
[WhiteElo "2433"]
[BlackElo "2263"]
[EventDate "2016.05.26"]
[PlyCount "49"]

1.e4 c6 2.d4 d5 3.e5 Bf5 4.Nf3 e6 5.Be2 Nd7 6.O-O Ne7 7.Nbd2 Nc8 8.Ne1 Qb6
9.c3 c5 10.Nef3 Bg6 11.a4 a6 12.a5 Qc7 13.c4 cxd4 14.Nxd4 Qxe5 15.N4f3 Qd6
16.cxd5 Qxd5 17.Qa4 b5 18.axb6 Nxb6 19.Qb3 Be7 20.Nc4 O-O 21.Rd1 Qb5 22.
Qxb5 axb5 23.Rxa8 Rxa8 24.Nxb6 Nxb6 25.Bxb5 1/2-1/2

[Event "20th Asia-ch (w)"]
[Site "Tashkent UZB"]
[Date "2016.06.01"]
[Round "7.5"]
[White "Khademalsharieh, Sarasadat"]
[Black "Nguyen Thi Mai Hung"]
[Result "1/2-1/2"]
[WhiteElo "2459"]
[BlackElo "2276"]
[EventDate "2016.05.26"]
[PlyCount "177"]

1.d4 d5 2.c4 c6 3.Nf3 Nf6 4.e3 Bg4 5.h3 Bh5 6.cxd5 cxd5 7.g4 Bg6 8.Nc3 e6 
9.Ne5 Be7 10.h4 Ne4 11.h5 Nxc3 12.bxc3 Be4 13.f3 f6 14.Bb5+ Kf8 15.fxe4 a6
16.Ba4 b5 17.Bb3 dxe4 18.O-O Ke8 19.Bxe6 fxe5 20.Bf7+ Kd7 21.c4 Nc6 22.
cxb5 axb5 23.Qb3 Qc7 24.Qe6+ Kd8 25.dxe5 Qd7 26.Bb2 Qxe6 27.Bxe6 Kc7 28.
Bd5 Rhd8 29.Bxe4 Ra4 30.Bf3 Rd2 31.Rf2 Rd3 32.Rc1 Rc4 33.Be2 Rxc1+ 34.Bxc1
Rc3 35.Bb2 Rxe3 36.Bxb5 Nxe5 37.Rc2+ Kb7 38.Be2 Bf6 39.Kf2 Re4 40.Kg3 Bg5 
41.Bc3 g6 42.hxg6 hxg6 43.Bxe5 Rxe5 44.Bf3+ Kb8 45.Rc6 Ra5 46.Rxg6 Bd8 47.
Rg8 Kc7 48.Kf4 Rxa2 49.g5 Ra4+ 50.Be4 Ra5 51.g6 Bg5+ 52.Kg4 Bf6 53.Rf8 Ba1
54.g7 Bxg7 55.Rf7+ Kd6 56.Rxg7 Ra1 57.Kf4 Rf1+ 58.Ke3 Ra1 59.Rg5 Ke6 60.
Kf4 Rf1+ 61.Bf3 Kd6 62.Ke4 Ra1 63.Rg6+ Kc5 64.Ke5 Kc4 65.Rc6+ Kd3 66.Be4+ 
Kd2 67.Rc2+ Ke3 68.Rc3+ Kd2 69.Rd3+ Ke2 70.Rh3 Ra7 71.Kf4 Rf7+ 72.Bf5 Kd2 
73.Rd3+ Ke2 74.Rc3 Kd1 75.Rc5 Kd2 76.Rc2+ Kd1 77.Rh2 Rf8 78.Ke4 Ke1 79.Bg6
Rf2 80.Rh3 Kd2 81.Kd4 Ke1 82.Bd3 Kd2 83.Rh1 Rg2 84.Rb1 Rf2 85.Ra1 Rf4+ 86.
Be4 Rf2 87.Rb1 Ke2 88.Rb3 Kd2 89.Ke5 1/2-1/2

[Event "20th Asia-ch (w)"]
[Site "Tashkent UZB"]
[Date "2016.06.01"]
[Round "7.6"]
[White "Vo Thi Kim Phung"]
[Black "Guo Qi"]
[Result "1-0"]
[WhiteElo "2173"]
[BlackElo "2447"]
[EventDate "2016.05.26"]
[PlyCount "135"]

1.d4 d5 2.Nf3 Nf6 3.c4 e6 4.Nc3 Bb4 5.Bg5 Nbd7 6.Bxf6 Qxf6 7.cxd5 exd5 8.
Qb3 Qd6 9.e3 O-O 10.a3 Ba5 11.Qc2 c6 12.Bd3 Qh6 13.b4 Bd8 14.O-O Nf6 15.
Bf5 Re8 16.Rfc1 Bc7 17.b5 Ne4 18.Bxc8 Raxc8 19.bxc6 bxc6 20.g3 f5 21.Kg2 
Qh5 22.Ne2 Bd6 23.Nf4 Qf7 24.Nd3 c5 25.dxc5 Bxc5 26.Qb2 Rb8 27.Qa2 Bb6 28.
Rc2 h6 29.Nde5 Qb7 30.Nc6 Rbc8 31.Rac1 Kh8 32.Ncd4 Rxc2 33.Qxc2 Qf7 34.Qc6
g6 35.h4 Nf6 36.Qd6 Kg7 37.Rc6 Qe7 38.Ne6+ Kg8 39.Qxe7 Rxe7 40.Nf4 Kf7 41.
Rxf6+ Kxf6 42.Nxd5+ Ke6 43.Nxe7 Kxe7 44.Ne5 g5 45.hxg5 hxg5 46.Nc4 Bc5 47.
Kf3 Ke6 48.Ke2 Kd5 49.Kd3 Kc6 50.f3 Kb5 51.g4 fxg4 52.fxg4 a5 53.e4 a4 54.
e5 Be7 55.Kd4 Kc6 56.e6 Bf6+ 57.Ke4 Kc5 58.Kf5 Be7 59.Nb2 Kb5 60.Kg6 Bxa3 
61.Nxa4 Kxa4 62.Kf7 Kb5 63.e7 Bxe7 64.Kxe7 Kc6 65.Kf6 Kd7 66.Kxg5 Ke8 67.
Kg6 Kf8 68.Kh7 1-0

[Event "20th Asia-ch (w)"]
[Site "Tashkent UZB"]
[Date "2016.06.01"]
[Round "7.7"]
[White "Abdusattorova, Bakhora"]
[Black "Batchimeg, Tuvshintogs"]
[Result "1-0"]
[WhiteElo "2091"]
[BlackElo "2412"]
[EventDate "2016.05.26"]
[PlyCount "71"]

1.d4 Nf6 2.c4 c5 3.d5 b5 4.cxb5 a6 5.bxa6 g6 6.Nc3 Bg7 7.Nf3 O-O 8.e4 Qa5 
9.Bd2 Bxa6 10.Be2 d6 11.O-O Nbd7 12.a4 Bxe2 13.Qxe2 Qb4 14.h3 Rfb8 15.Rfe1
Qb3 16.a5 Ne8 17.Reb1 Nc7 18.Be1 Ne5 19.Nxe5 Bxe5 20.Ra3 Qb4 21.Ra4 Qb3 
22.Ra3 Qb7 23.Na4 Qb5 24.Qxb5 Nxb5 25.Rd3 c4 26.Rdd1 Bd4 27.Rbc1 Rc8 28.
Rc2 Ba7 29.Nb6 Bxb6 30.axb6 Rab8 31.Ba5 Rc5 32.Kf1 f5 33.exf5 gxf5 34.Re2 
Kf7 35.Rde1 Rb7 36.Rxe7+ 1-0

[Event "20th Asia-ch (w)"]
[Site "Tashkent UZB"]
[Date "2016.06.01"]
[Round "7.8"]
[White "Vaishali, Ramesh Babu"]
[Black "Hejazipour, Mitra"]
[Result "1-0"]
[WhiteElo "2322"]
[BlackElo "2349"]
[EventDate "2016.05.26"]
[PlyCount "73"]

1.e4 c5 2.Nf3 d6 3.d4 cxd4 4.Nxd4 Nf6 5.Nc3 a6 6.Be2 e5 7.Nb3 Be7 8.Bg5 
Be6 9.Bxf6 Bxf6 10.Qd3 O-O 11.O-O-O Be7 12.Nd5 Bxd5 13.Qxd5 Qc7 14.Kb1 Nd7
15.Nd2 b5 16.Nf1 Nb6 17.Qb3 Bg5 18.h4 Bf4 19.g3 Bh6 20.Nh2 Rfe8 21.Ng4 Re6
22.Rd3 Nc4 23.Rhd1 Rc8 24.Rd5 Nb6 25.R5d3 Nc4 26.Bf1 Qc6 27.Rd5 Rg6 28.f3 
Nb6 29.Nxe5 dxe5 30.Rd8+ Qe8 31.Rxe8+ Rxe8 32.Qc3 Na4 33.Qxe5 Rge6 34.Qc7 
g6 35.Rd7 Bg7 36.Bh3 Rf6 37.Rd8 1-0

[Event "20th Asia-ch (w)"]
[Site "Tashkent UZB"]
[Date "2016.06.01"]
[Round "7.9"]
[White "Uuriintuya, Uurtsaikh"]
[Black "Mongontuul, Batchujagijn"]
[Result "0-1"]
[WhiteElo "2172"]
[BlackElo "2442"]
[EventDate "2016.05.26"]
[PlyCount "124"]

1.e4 c5 2.Nf3 e6 3.d4 cxd4 4.Nxd4 Nc6 5.Nc3 Qc7 6.Be2 a6 7.Be3 Nf6 8.O-O 
Be7 9.f4 d6 10.Kh1 O-O 11.a4 Bd7 12.Nb3 Rac8 13.a5 Nb4 14.Bb6 Qb8 15.Bf3 
Bc6 16.Re1 d5 17.e5 Ne4 18.Bd4 f5 19.exf6 Bxf6 20.Bxe4 dxe4 21.Bc5 Rfd8 
22.Qc1 Bxc3 23.bxc3 Nd5 24.Rxe4 Nxc3 25.Re1 Bd5 26.Qe3 Ne4 27.Rac1 Nxc5 
28.Nxc5 Qa7 29.Nxe6 Qxe3 30.Rxe3 Bxe6 31.Rxe6 Rxc2 32.Rg1 Rd5 33.Rb6 Rc7 
34.h3 Rxa5 35.Rgb1 Rf5 36.Rxb7 Rxb7 37.Rxb7 Rxf4 38.Ra7 Rf6 39.Kh2 h5 40.
Kg3 Kh7 41.h4 Kg6 42.Rc7 Rb6 43.Rc4 a5 44.Ra4 Rb5 45.Kf3 Kf5 46.Ra3 g6 47.
Ra4 Ke5 48.g4 Kd5 49.gxh5 gxh5 50.Rf4 Kc6 51.Ke3 Rd5 52.Rf8 Kc5 53.Rc8+ 
Kb4 54.Ke4 Rc5 55.Rb8+ Rb5 56.Rd8 a4 57.Rd4+ Kb3 58.Rd3+ Kc2 59.Rh3 Ra5 
60.Kd4 a3 61.Kc4 Ra4+ 62.Kb5 a2 0-1